Statistics for Animals by Letter and Picture-F

Click here to take the quiz!

General Stats

  • This quiz has been taken 49 times
  • The average score is 8 of 9

Answer Stats

Answer% Correct
Flamingo
100%
Fly
100%
Fox
100%
Frog
100%
Ferret
97%
Falcon
95%
Fish
87%
Flea
85%
Fennec Fox
59%

Score Distribution

Percentile by Number Answered

Percent of People with Each Score

Your Score History

You have not taken this quiz